MDQL
is popping MORE tags! Check the
thread
!
Quizzes
Events
Quiz Creation
Community
Videos
Private Events
Remove Ads
Sign In
Join for FREE
Feedback
Dark Mode
Quiz Categories
Sports
Geography
Music
Movies
Television
Just For Fun
Miscellaneous
History
Literature
Language
Science
Gaming
Entertainment
Religion
Holiday
For Kids
Quiz Lab
Recent
Popular Today
Quiz Kudos Today
Editor Picks
Curator Picks
Quizzes by...
Day
Popularity
Type
Ratings
Length
Year
Community
Subscriptions
Recent Discussions
Orange Saloon
Badges
Playlists
Quests
Create
Leaderboards
Showdown
Live 5
Trivia Bingo
Activity
Puzzle Library
Sporcle Events
Private Events
Virtual Trivia
Globe League
Become a Host
Pub Owners
SporcleCon
Opinionation
Our Games
Videos
Blog
Mobile Apps
Partnerships
Remove Ads and Go Orange
Feedback
Sports
Athletes
MLB
NBA
NHL
NFL
Soccer
Sports Teams
WWE
NCAA
Football
Premier League
Basketball
Baseball
Hockey
Golf
Tennis
Cricket
Rugby
Auto Racing
Olympics
World Cup
Sports
Athletes
MLB
NBA
NHL
NFL
Soccer
Sports Teams
WWE
NCAA
Football
Premier League
Basketball
Baseball
Hockey
Golf
Tennis
Cricket
Rugby
Auto Racing
Olympics
World Cup
Random Quiz
Search Sporcle
×
Quiz Lab
Quiz Lab
Sports
NBA
Type in answers that appear in a list
Type in answers that appear in a list
Classic
Best Score? Go Orange.
NBA Playoffs +/- Leaders Stats
Can you name the NBA Playoffs +/- leaders since 1999-00?
By
dlh1231
10m
50 Questions
258 Plays
258 Plays
258 Plays
Comments
Comments
Give Quiz Kudos
Give Quiz Kudos
-
- Ratings
hide this ad
Replay
Link that replays current quiz
Next Quiz
Link to next quiz in quiz playlist
You Got
0%
They Got
Avg Score
73%
Avg Friend Score
Upgrade to see
Score Distribution
Jump to the score distribution portion of the page
Score
0/50
Timer
10:00
0
Plays Today
Teams
Player
% Correct
CLE, MIA
LeBron James
100%
SAS
Tim Duncan
99.2%
SAS
Tony Parker
98.4%
GSW
Stephen Curry
96.5%
SAS
Manu Ginobili
96.1%
OKC, GSW
Kevin Durant
96.1%
LAL
Kobe Bryant
94.5%
MIL, SEA, BOS, MIA
Ray Allen
93.4%
GSW
Draymond Green
92.2%
LAL, MIA, PHO, CLE, BOS
Shaquille O'Neal
92.2%
GSW
Klay Thompson
92.2%
CLE
Tristan Thompson
92.2%
SAS
Danny Green
91.8%
NOH, IND, SAS, GSW
David West
91.8%
OKC
Russell Westbrook
91%
CLE
Kyrie Irving
90.6%
SAS
Kawhi Leonard
90.2%
MIA, CHI
Dwyane Wade
90.2%
MIN, BOS, BKN
Kevin Garnett
89.1%
CLE
Kevin Love
87.9%
MEM, LAL, CHI, SAS
Pau Gaosl
87.5%
BOS, BKN, WAS, LAC
Paul Pierce
82.4%
DAL, PHO, LAL
Steve Nash
80.5%
LAL, UTA, OKC
Derek Fisher
80.1%
MIN, DET, DEN, NYK, LAC
Chauncey Billups
80.1%
Teams
Player
% Correct
DEN, NYK, CLE
J.R. Smith
79.3%
PHO, NJN, DAL, NYK
Jason Kidd
76.6%
DET, CHI, CLE
Ben Wallace
76.2%
POR, DET, BOS
Rasheed Wallace
76.2%
DET, CHI
Richard Hamilton
75.4%
BOS, DAL, CHI
Rajon Rondo
74.6%
OKC, TOR
Serge Ibaka
73%
DET, MEM
Tayshaun Prince
68%
LAL, SAS
Robert Horry
65.6%
MIA
Mario Chalmers
65.6%
MIA, LAL
Lamar Odom
60.9%
SEA, ORL, MIA
Rashard Lewis
59.8%
PHO, DAL, CLE
Shawn Marion
58.2%
SAS, IND, UTA
George Hill
53.1%
PHI, UTA, CHI, ATL, CLE
Kyle Korver
52.3%
GSW
Harrison Barnes
52%
SEA, OKC
Nick Collison
49.6%
CLE, GSW
Anderson Varejao
48.8%
PHO, CHA, SAS, UTA
Boris Diaw
46.5%
LAL
Rick Fox
46.1%
POR, SAS
Patty Mills
44.5%
LAC, BKN, GSW
Shaun Livingston
44.5%
ORL, WAS
Marcin Gortat
32%
DEN, MIA, MEM
Chris Andersen
17.6%
NJN, ATL
Jason Collins
12.1%
Quiz Playlist
Details
Report
Send in Message
Add To Playlist
Classic:
Type in answers that appear in a list
Quiz Source
Last Updated: Sep 8, 2017
Quiz Scoreboard
CHALLENGE
Sign Up to Join the Scoreboard
Show All
Scores
Hide
Comments
May contain spoilers
Recently Published
1-10 Letter E Words III
by El_Dandy
Language
2m
Street Fighter Characters
by Artimus82
Gaming
60s
College Basketball Coaching Resumes
by pancakes188
Sports
9m
More to Explore
Quiz From the Vault
Featured Blog Post
Where Did the Easter Bunny Come From?
hide this ad
You Might Also Like...
Tags
NBA Quiz
Leader
NBA Playoffs
Player
team
Today's Top Quizzes in Sports
Browse Sports
hide this ad
Today's Top Quizzes in NBA
Browse NBA
Top Contributed Quizzes in Sports
1
2022 World Cup Stars
2
Les meilleurs buteurs des matchs entre le PSG et l’OM
3
FIFA Club World Cup Champions
4
Les entraîneurs de l'OM et du PSG au 21e siècle
5
Criteria MLB: Left Handed Sluggers
6
2023 MLB Unique Player Accomplishments
7
AFC Teams Reveal (Wrong Answers Minefield)
8
Players with Multiple 50 Home Run Seasons
9
5-to-1: FBS Animal Nicknames
10
5-to-1: UK Sports Teams
Explore More
Trending Topics
Marvel
Crossword
Anime
Kpop
NBA
Harry Potter
Disney
Soccer
WWE
Puzzle
Pokémon
Country
NFL
The Office
Song
hide this ad
More By:
dlh1231
Quiz
Plays
Rating
Category
Featured
Created
Most Well-Known Countries By Continent
431,820
4.62
Geography
May 1, 2010
NBA Scorers by Draft Pick
226,495
4.37
Sports
Jun 23, 2010
NBA 25 PPG After 10 Seasons
195,040
4.46
Sports
Dec 28, 2010
NBA Top 5 Scorers by Seasons Played
144,169
4.82
Sports
Apr 10, 2013
First NBA 50 Point Game by Season
116,262
4.66
Sports
Jan 29, 2014
Go to Creator's Profile
Score Distribution
Quiz Creator Spotlight
dlh1231
Follow
Send a Message
Quizzes Created
-
Created Quiz Play Count
-
More By This Creator
Popular Quizzes Today
1
Find the US States - No Outlines Minefield
2
Find the Countries of Europe - No Outlines Minefield
3
Find the US States
4
The Countries of the World
5
Risky Map Clicking: Biggest States A-Z
6
US States
7
Popular People in 1961
8
Movies - When Are They Set?
More Sports Quizzes
Quick Pick: 1 to 11 Soccer Shirt Numbers II
Quiz Lab
Trending Quizzes
Risky Map Clicking: Least Populous States A-Z
1-10 Letter G Words
Countries of the World: 200 Million BC
1-10 Letter F Words
Risky Map Clicking: Next State Alphabetically
Recently Updated
Largest US Cities 1790-2010
pecheneg
Rides in Walt Disney World
pecheneg
Most Oscar Losses (Acting)
pecheneg
Beyoncé Albums
pecheneg
Leaping Animals
pecheneg
Reality TV Shows (A-Z)
bhenderson79
Rickey Henderson's Hall of Fame Teammates
pecheneg
Champions League XIs: Arsenal
pecheneg
Quick Pick: Celebrities in WWE's Hall of Fame
aduchscher
A-Z Keypad Blitz II
pecheneg
Trending Topics
Anime
NBA
Crossword
Disney
Harry Potter
Marvel
Kpop
The Office
Puzzle
Country
Pokémon
Soccer
WWE
Song
NFL
Your Account Isn't Verified!
In order to create a playlist on Sporcle, you need to verify the email address you used during registration. Go to your
Sporcle Settings
to finish the process.
Report this User
Report this user for behavior that violates our
Community Guidelines
.
Details:
Send Report
Go to the Sporcle.com Mobile Site →
Comments